1616 1804 1095 1096 1148 1510 1476 1187 1434 1712 1530 1980 1037 1039 1175 1704 1179 1593 1703 1598 1883 1422 1505 1335 1492 1771 1340 1278 1903 1507 1211 1870 1719 1666 1151 1271 1371 1393 1302 1817 1775 1816 1337 1493 1411 1318 1210 1012 1649 1349 1943 1835 1315 1191 1955 1412 1594 1845 1322 1171 1337 1354 1677 1476 1046 1126 1447 1302 1188 1379 1500 1873 1019 1025 1053 1073 1686 1939 1796 1688 1240 1830 1776 1449 1625 1106 1620 1219 1696 1981 1441 1140 1482 1489 1492 1119 1992 1419 1080 BCNSPRNW ULIB Ver.6.0+V

เปลี่ยนเป็นภาษาไทย

Change to English
 แสดงรายละเอียดบรรณานุกรม
  กลับหน้าหลัก

Brief Record : Get Marc (ISO 2709) : E-mail record : QR code < ปิดหน้าต่าง
LEADER : 00000nam 2200000uu 4500
001    13399124464
003     ULIB
008    150726s2557||||th 000 0 tha d
020    ^a9789743653186
060 04 ^aWY157^bส257ก
100 0  ^aสมบูรณ์ บุณยเกียรติ
245 10 ^aการพยาบาลสตรีตั้งครรภ์ที่มีความเสี่ยงสูง 1=^bNursing care in high risk pregnant women 1 /^cสมบูรณ์ บุณยเกียรติ
250    ^aพิมพ์ครั้งที่ 1
260    ^aกรุงเทพฯ :^bสินธนา ก๊อปปี้ เซ็นเตอร์,^c2557
300    ^a248 หน้า :^bภาพประกอบ ;^c29 ซม.
500    ^aSend to Single Search
505 0  ^aการพยาบาลสตรีตั้งครรภ์ที่คลอดก่อนกำหนด--การพยาบาลสตรีตั้งครรภ์ที่มีน้ำเดินก่อนกำหนด--การพยาบาลสตรีตั้งครรภ์ที่มีทารกเจริญเติบโตช้า--การพยาบาลสตรีตั้งครรภ์ที่มีน้ำคร่ำน้อย--การพยาบาลสตรีตั้งครรภ์ที่เป็นครรภ์แฝดน้ำ--การพยาบาลสตรีตั้งครรภ์แฝด--การพยาบาลสตรีตั้งครรภ์ที่เป็นความดันโลหิตสูง--การพยาบาลสตรีตั้งครรภ์ที่เป็นโรคต่อมไทรอยด์--การพยาบาลสตรีตั้งครรภ์ที่เป็นเบาหวาน--การพยาบาลสตรีตั้งครรภ์ที่เป็นโรคธาลัสซีเมีย--การวินิจฉัยก่อนคลอด--การประเมินสุขภาพทารกในครรภ์--การตรวจอุลตร้าซาวด์
650  4 ^aครรภ์
650  4 ^aการพยาบาลสตรีตั้งครรภ์ที่มีความเสี่ยงสูง
650  0 ^aสตรีตั้งครรภ์ที่มีความเสี่ยงสูง
945    ^p360^l0^i039725
945    ^p360^l0^i039726
945    ^p360^l0^i039727
945    ^p360^l0^i039728
945    ^p360^l0^i039729
999    ^aเกษร โพธิ์สุวรรณ
รายการนี้ยังไม่มีแท็ก
คุณยังไม่ได้ล็อกอิน คุณสามารถมีกิจกรรมร่วมกับเว็บไซต์ได้ แต่ต้องล็อกอินก่อน ::
  ล็อกอิน

รายการสื่อสารสนเทศ

ลำดับที่ ประเภท เลขเรียก/บาร์โค้ด สถานที่ สถานะ
1. วิทยาศาสตร์การแพทย์ และสุขภาพ
หนังสือสำรอง
สถานะ=หนังสือสำรอง
WY157 ส257ก ฉ.1 
  Barcode: 039725
ห้องสมุดวิทยาเขตสวรรค์ประชารักษ์
►หนังสือทั่วไป
บนชั้น
2. วิทยาศาสตร์การแพทย์ และสุขภาพ
วิทยาศาสตร์การแพทย์ และสุขภาพ
WY157 ส257ก ฉ.2 
  Barcode: 039726
ห้องสมุดวิทยาเขตสวรรค์ประชารักษ์
►หนังสือทั่วไป
บนชั้น
3. วิทยาศาสตร์การแพทย์ และสุขภาพ
วิทยาศาสตร์การแพทย์ และสุขภาพ
WY157 ส257ก ฉ.3 
  Barcode: 039727
ห้องสมุดวิทยาเขตสวรรค์ประชารักษ์
►ส่วนจัดเก็บหนังสือเก่า สปร
บนชั้น
  ขอยืม
4. วิทยาศาสตร์การแพทย์ และสุขภาพ
วิทยาศาสตร์การแพทย์ และสุขภาพ
WY157 ส257ก ฉ.4 
  Barcode: 039728
ห้องสมุดวิทยาเขตสวรรค์ประชารักษ์
►หนังสือทั่วไป
บนชั้น
5. วิทยาศาสตร์การแพทย์ และสุขภาพ
วิทยาศาสตร์การแพทย์ และสุขภาพ
WY157 ส257ก ฉ.5 
  Barcode: 039729
ห้องสมุดวิทยาเขตสวรรค์ประชารักษ์
►หนังสือทั่วไป
บนชั้น

รายการใกล้เคียง
    ผู้แต่ง [สมบูรณ์ บุณยเกียรติ]

    หัวเรื่อง [ครรภ์]
    หัวเรื่อง [การพยาบาลสตรีตั้งครรภ์ที่มีความเสี่ยงสูง]
    หัวเรื่อง [สตรีตั้งครรภ์ที่มีความเสี่ยงสูง]

BibComment


ยังไม่เคยถูกคอมเมนท์

คอมเมนท์ทรัพยากรรายการนี้
  คอมเมนท์: การพยาบาลสตรีตั้..


 Copyright 2026. Bcnsprnw @Library